Silver nanoparticles supported on foam ceramics for catalytic CO oxidation; International Journal of Nanotechnology; Vol. 13, iss. 1-3

Xehetasun bibliografikoak
Parent link:International Journal of Nanotechnology.— , [s. a.]
Vol. 13, iss. 1-3.— 2016.— [P. 200-207]
Egile nagusia: Pestryakov A. N. Aleksey Nikolaevich
Erakunde egilea: Национальный исследовательский Томский политехнический университет Институт природных ресурсов Кафедра физической и аналитической химии
Beste egile batzuk: Kolobova E. N. Ekaterina Nikolaevna, Lunin V. V. Valery Vasiljevich
Gaia:Title screen
Catalysts based on nanoparticles of silver and metal oxides supported on foam ceramics were tested in the process of oxidation of carbon monoxide. Foam catalysts have physicochemical, fluid dynamic and catalytic characteristics exceeding the indices of the traditional granular and honeycomb catalysts. Addition of silver nanoparticles increases the catalytic activity of the foam catalysts with mixed oxide active phase.
Режим доступа: по договору с организацией-держателем ресурса
Hizkuntza:ingelesa
Argitaratua: 2016
Gaiak:
Sarrera elektronikoa:http://dx.doi.org/10.1504/IJNT.2016.074534
Formatua: MixedMaterials Baliabide elektronikoa Liburu kapitulua
KOHA link:https://koha.lib.tpu.ru/cgi-bin/koha/opac-detail.pl?biblionumber=649387

MARC

LEADER 00000naa0a2200000 4500
001 649387
005 20250305092344.0
035 |a (RuTPU)RU\TPU\network\14549 
035 |a RU\TPU\network\14543 
090 |a 649387 
100 |a 20160708d2016 k||y0rusy50 ba 
101 0 |a eng 
102 |a CH 
135 |a drcn ---uucaa 
181 0 |a i   |b  e  
182 0 |a b 
183 0 |a cr  |2 RDAcarrier 
200 1 |a Silver nanoparticles supported on foam ceramics for catalytic CO oxidation  |f A. N. Pestryakov, E. N. Kolobova, V. V. Lunin 
203 |a Текст  |c электронный  |b визуальный 
283 |a online_resource  |2 RDAcarrier 
300 |a Title screen 
330 |a Catalysts based on nanoparticles of silver and metal oxides supported on foam ceramics were tested in the process of oxidation of carbon monoxide. Foam catalysts have physicochemical, fluid dynamic and catalytic characteristics exceeding the indices of the traditional granular and honeycomb catalysts. Addition of silver nanoparticles increases the catalytic activity of the foam catalysts with mixed oxide active phase. 
333 |a Режим доступа: по договору с организацией-держателем ресурса 
461 1 |t International Journal of Nanotechnology  |d [s. a.] 
463 1 |t Vol. 13, iss. 1-3  |v [P. 200-207]  |d 2016 
610 1 |a электронный ресурс 
610 1 |a труды учёных ТПУ 
610 1 |a серебро 
610 1 |a наночастицы 
610 1 |a вспененные материалы 
610 1 |a керамика 
610 1 |a каталитическое окисление 
700 1 |a Pestryakov  |b A. N.  |c Chemist  |c Professor of Tomsk Polytechnic University, Doctor of Chemical Science  |f 1963-  |g Aleksey Nikolaevich  |3 (RuTPU)RU\TPU\pers\30471  |9 14796 
701 1 |a Kolobova  |b E. N.  |c Chemical Engineer  |c design engineer of Tomsk Polytechnic University  |f 1989-  |g Ekaterina Nikolaevna  |3 (RuTPU)RU\TPU\pers\34488  |9 17871 
701 1 |a Lunin  |b V. V.  |g Valery Vasiljevich 
712 0 2 |a Национальный исследовательский Томский политехнический университет  |b Институт природных ресурсов  |b Кафедра физической и аналитической химии  |3 (RuTPU)RU\TPU\col\18656  |9 27109 
801 2 |a RU  |b 63413507  |c 20161207  |g RCR 
856 4 |u http://dx.doi.org/10.1504/IJNT.2016.074534  |z http://dx.doi.org/10.1504/IJNT.2016.074534 
942 |c CF